Statistics for Washington D.C. by Picture

Click here to take the quiz!

General Stats

  • This quiz has been taken 9,315 times
  • The average score is 10 of 12

Answer Stats

Answer % Correct
White House
100%
Pentagon
98%
{Lincoln} Memorial
95%
{Washington} Monument
94%
Capitol Building
90%
I Have a Dream
81%
{Cherry} Tree
78%
Tomb of the {Unknown} {Soldier}
76%
Potomac River
74%
{Jefferson} Memorial
72%
Vietnam Veterans Memorial
66%
National {Air} {and} {Space} Museum
63%

Score Distribution

Percentile by Number Answered

Percent of People with Each Score

Your Score History

You have not taken this quiz